Central Library OPAC University of Rajshahi

পরিশোধ নাট্যগীতি / (Record no. 47701)

MARC details
000 -LEADER
fixed length control field 00884nam a22002417a 4500
001 - CONTROL NUMBER
control field 47701
003 - CONTROL NUMBER IDENTIFIER
rucl marc code BD-RjUL
005 - DATE AND TIME OF LATEST TRANSACTION
control field 20211209054355.0
008 - FIXED-LENGTH DATA ELEMENTS--GENERAL INFORMATION
fixed length control field 160810r20082006b ||||| |||| 00| 0 eng d
020 ## - INTERNATIONAL STANDARD BOOK NUMBER
International Standard Book Number 9788175224018(V.65)
International Standard Book Number 9788175224018(Set)
035 ## - SYSTEM CONTROL NUMBER
System control number (BD-RjUL)47820
040 ## - CATALOGING SOURCE
Original cataloging agency BD-RjUL
Language of cataloging ben
Transcribing agency BD-RjUL
041 ## - LANGUAGE CODE
Language code of text/sound track or separate title ben
082 ## - DEWEY DECIMAL CLASSIFICATION NUMBER
Edition number 23
Classification number 781.1
Author mark and year RAP 2008
100 1# - MAIN ENTRY--PERSONAL NAME
Personal name ঠাকুর, রবীন্দ্রনাথ
9 (RLIN) 144900
245 10 - TITLE STATEMENT
Title পরিশোধ নাট্যগীতি /
Statement of responsibility, etc. রবীন্দ্রনাথ ঠাকুর.
260 ## - PUBLICATION, DISTRIBUTION, ETC. (IMPRINT)
Place of publication, distribution, etc. কালকাতা :
Name of publisher, distributor, etc. বিশ্বভারতী গ্রন্থনবিভাগ,
Date of publication, distribution, etc. ২০০৮.
300 ## - PHYSICAL DESCRIPTION
Pagination ৭০ পৃ ;
Size ২৪ সেমি.
650 ## - SUBJECT ADDED ENTRY--TOPICAL TERM
Topical term or geographic name as entry element সঙ্গীত মূলনীতি
9 (RLIN) 144901
Topical term or geographic name as entry element Basic Principles of Music
9 (RLIN) 144902
942 ## - ADDED ENTRY ELEMENTS (KOHA)
Source of classification or shelving scheme Dewey Decimal Classification
Koha item type Books
Holdings
Lost status Source of classification or shelving scheme Damaged status Not for loan Collection code Permanent Location Current Location Shelving location Date acquired Source of acquisition Cost, normal purchase price Total Checkouts Full call number Date last seen Date checked out Copy number Koha item type
  Dewey Decimal Classification     Non-fiction Central Library, University of Rajshahi Central Library, University of Rajshahi   30/05/2011 Paragon anterprise Limited, Dhaka 3451.00 1 B 781.1 TAP 2008 29/10/2018 15/10/2018 C-2 Books